Normal view
MARC view
Entry Personal Name
001 - CONTROL NUMBER
- control field: 282947
003 - CONTROL NUMBER IDENTIFIER
- control field:
005 - DATE AND TIME OF LATEST TRANSACTION
- control field: 20210601211954.0
008 - FIXED-LENGTH DATA ELEMENTS
- fixed length control field: 210601|| aca||aabn | a|a d
040 ## - CATALOGING SOURCE
- Original cataloging agency:
- Transcribing agency:
100 ## - HEADING--PERSONAL NAME
- Personal name: Blanch, Lesley
- General subdivision: Travel
670 ## - SOURCE DATA FOUND
- Source citation: Work cat.: (): Blanch, Lesley, 1904-2007 282946, Journey into the mind's eye :, c1968
